| 000 | 01270nam a2200229 i 4500 | ||
|---|---|---|---|
| 001 | 185559 | ||
| 003 | ES-MaACL | ||
| 005 | 20250815032628.0 | ||
| 008 | 160712s1868 po |||| | por d | ||
| 245 | 0 | 0 |
_aSubsidios para a historia da India portugueza / _cpublicados de ordem da Classe das Sciencias Moraes, Politicas e Bellas-lettras da Academia Real das Sciencias de Lisboa. |
| 260 |
_aLisboa : _b[s.n.], _c1868 ( _fTypographia da Academia Real das Sciencias de Lisboa) |
||
| 300 |
_a1 v. (pag. var.) ; _c28 cm. |
||
| 490 | 1 |
_aCollecçao de monumentos ineditos para a historia das conquistas dos portuguezes em Africa, Asia e America ; _vt. 5. 1ª Serie. Historia de Asia |
|
| 505 | 8 | _aContiene: O livro dos pesos, medidas e moedas / por Antonio Nunes. O tombo do Estado da India /por Simao Botelho. Lembranças das cousas da India em 1525 | |
| 651 | 4 |
_aGoa, Daman y Diu- _xHistoria. _9165055 |
|
| 700 | 1 |
_aNunes, Antonio. _9160138 |
|
| 700 | 1 |
_aBotelho, Simão. _9160139 |
|
| 710 | 2 |
_aAcademia das Ciências de Lisboa. _91159 |
|
| 830 | 0 | 0 |
_aCollecçao de monumentos ineditos para a historia das conquistas dos portuguezes em Africa, Asia e America _vt. 5. 1ª Serie. Historia de Asia _9241782 |
| 852 |
_aES-MaACL _jG-6761 |
||
| 999 |
_c185559 _d185559 |
||